Equipos de la Liga Nacional de Baloncesto - Estadísticas

Estadísticas generales
  • Esta prueba ha sido intentada 12 veces
    7 desde el último reinicio
  • La puntuación promedio es 8 de 14
Estadísticas de respuestas
Equipo % Correcto
Astros de Jalisco
100%
El Calor de Cancún
100%
Fuerza Regia de Monterrey
100%
Abejas de León
50%
Correcaminos UAT Victoria
50%
Diablos Rojos del México
50%
Dorados de Chihuahua
50%
Gambusinos de Fresnillo
50%
Halcones de Xalapa
50%
Mineros de Zacatecas
50%
Panteras de Aguascalientes
50%
Soles de Mexicali
50%
Freseros de Irapuato
0%
Santos del Potosí
0%
No se encontraron pruebas coincidentes
Distribución de puntuación
Porcentaje de gente con cada puntuación
Porcentaje por número respondido
Historial de tus puntuaciones
No has intentado esta prueba desde el último reinicio